[Event "BL 2016-17"]
[Site "Germany"]
[Date "2017.02.18"]
[Round "7"]
[White "Zysk, Robert"]
[Black "Babula, Vlastimil"]
[Result "1/2-1/2"]
[WhiteElo "2398"]
[BlackElo "2552"]
[Annotator "TA"]
[PlyCount "65"]
[EventDate "2017.??.??"]
[EventType "team-tourn"]
[EventCountry "GER"]
[SourceTitle "playchess.com"]
[Source "ChessBase"]
[SourceQuality "1"]
[WhiteTeam "Zugzwang München"]
[BlackTeam "Werder Bremen"]

{[%evp 17,65,5,22,9,9,3,9,11,16,0,52,35,174,-18,85,-113,-116,-104,0,0,0,0,0,0,0,0,3,0,0,0,0,0,0,0,0,0,0,0,0,0,0,0,0,0,0,0,0,0,0,0]} 1. Nf3 Nf6 2. c4 b6 3. g3 Bb7 4. Bg2 g6 5. d4 Bg7 6. O-O O-O 7. Nc3 Ne4 8. Nxe4 Bxe4 9. Be3 d5 {LiveBook: 26 Games} 10. cxd5 Qxd5 11. Qa4 Nc6 12. Rfd1 Rfd8 13. Rd2 Rd6 (13... b5 $11 14. Qa6 Qf5) 14. Rc1 $14 Rad8 {[#]} (14... Na5 $14) 15. a3 $2 ({White must play} 15. Rc5 $1 $18 {[%mdl 512]} bxc5 16. dxc5) 15... R6d7 {[#]} (15... b5 $11 {keeps the balance.} 16. Qd1 Na5) 16. Ne1 $2 {[#]} (16. Ne5 $1 $16 {[%mdl 512] And now Bxe4 would win.} Bxg2 (16... Nxe5 17. dxe5) 17. Nxc6 (17. Qxc6 Bxe5 18. Qxd5 Rxd5 $15)) 16... Bxg2 $1 $17 17. Nxg2 Na5 (17... Nxd4 $17 18. Bxd4 Qe4) 18. Rd3 $1 $11 {The position is equal.} Qa2 19. b4 Nc4 20. Rc2 $1 ({Don't play} 20. Qxa7 Qxe2 21. Rdd1 Nxe3 22. fxe3 c5 23. Qxb6 cxd4 $19) 20... b5 21. Rxa2 bxa4 22. Rc2 Nxe3 23. Nxe3 Bxd4 24. Rcd2 e5 {Threatens to win with ...e4.} 25. Nc2 {aiming for e3.} Rd6 $1 26. Nxd4 Rxd4 27. Rxd4 Rxd4 {[%mdl 4096] Endgame KR-KR} 28. Rc2 Rd1+ 29. Kg2 Ra1 30. Rxc7 Rxa3 31. Rxa7 Kg7 32. b5 Rb3 33. Rxa4 1/2-1/2

[Event "BL 2016-17"]
[Site "St. Veit/Glan"]
[Date "2017.03.25"]
[Round "7"]
[White "Eisenbeiser, Amadeus"]
[Black "Predojevic, Borki"]
[Result "0-1"]
[WhiteElo "2393"]
[BlackElo "2611"]
[Annotator "TA"]
[PlyCount "66"]
[EventDate "2017.??.??"]
[EventType "team-tourn"]
[EventCountry "AUT"]
[SourceTitle "playchess.com"]
[Source "ChessBase"]
[SourceQuality "1"]
[WhiteTeam "Götzis"]
[BlackTeam "Maria Saal"]

{[%evp 11,66,0,0,0,0,0,0,0,0,0,0,-16,-9,-23,-11,-32,-23,-29,-35,-37,-28,-47,-27,-161,-162,-162,-156,-204,-220,-217,-224,-266,-226,-251,-261,-247,-210,-185,-191,-256,-264,-252,-260,-285,-285,-380,-390,-353,-315,-515,-516,-681,-684,-668,-661,-718,-717]} 1. e4 c5 2. Nf3 d6 3. Bc4 Nf6 4. Qe2 Nc6 5. c3 Bg4 6. d3 e6 {LiveBook: 18 Games. B50: Sicilian: 2...d6, Miscellaneous} 7. Bb3 (7. Nbd2 Be7 8. h3 Bh5 9. Bb3 O-O 10. O-O d5 11. Re1 Qc7 12. Nf1 Rad8 13. Bc2 Ne5 14. g4 Nxf3+ 15. Qxf3 {½-½ (40) Timofeev,A (2651)-Leitao,R (2621) Khanty-Mansiysk 2009}) 7... Be7 8. Bf4 d5 {The position is equal.} 9. h3 Bh5 10. Nbd2 O-O $146 (10... Qb6 11. g4 Bg6 12. h4 c4 13. dxc4 dxe4 14. Ne5 Nxe5 15. Bxe5 {1-0 (39) Schuster,P (2403)-De Silva,D (2244) LSS email 2010}) 11. g4 Bg6 12. Bc2 Rc8 13. Kf1 Qb6 $36 {[%mdl 2048] White is under pressure.} 14. Rb1 Qa6 15. a3 Rfd8 16. Bg3 h6 17. Ne1 (17. a4 $11 {and White is okay.}) 17... dxe4 $19 18. Nxe4 {[#]} b5 $1 ({Don't take} 18... Nxe4 19. dxe4 Rd2 20. Qxa6 bxa6 21. f3 $11) 19. f3 b4 20. axb4 cxb4 21. Bd1 bxc3 22. bxc3 Nd5 {[%cal Bf6d5,Bd5e3,Be3d1][%mdl 32]} 23. Qb2 Qa5 24. Ra1 Ne3+ 25. Ke2 (25. Kg1 $142 Nxd1 26. Rxd1) 25... Nxd1 26. Rxd1 f5 27. Nf2 Bf6 28. d4 e5 29. gxf5 Bxf5 30. Qb3+ $2 (30. Ng4) 30... Kh8 {Black is clearly winning.} 31. d5 Qa6+ 32. Ned3 Rb8 33. Ra1 {[#]} Qxd3+ $1 {[%mdl 512]} ({Weaker is} 33... Rxb3 34. Rxa6 Nb8 35. Rxa7 $17) 0-1

[Event "BL 2016-17"]
[Site "Germany"]
[Date "2017.02.18"]
[Round "7"]
[White "Zeller, Frank"]
[Black "Buckels, Valentin"]
[Result "0-1"]
[WhiteElo "2393"]
[BlackElo "2300"]
[Annotator "RC"]
[PlyCount "76"]
[EventDate "2017.??.??"]
[EventType "team-tourn"]
[EventCountry "GER"]
[SourceTitle "playchess.com"]
[Source "ChessBase"]
[SourceQuality "1"]
[WhiteTeam "Schwäbisch Hall"]
[BlackTeam "Mülheim Nord"]
[TimeControl "40/6000+30:3000+30"]

1. e4 {[%emt 0:00:00]} e5 {[%emt 0:00:08]} 2. Nf3 {[%emt 0:00:00]} Nc6 {[%emt 0:00:05]} 3. Bb5 {[%emt 0:00:09]} a6 {[%emt 0:00:06]} 4. Ba4 {[%emt 0:00:09]} Nf6 {[%emt 0:00:05]} 5. O-O {[%emt 0:00:15]} Be7 {[%emt 0:00:05]} 6. d3 {[%emt 0:01:14]} b5 {[%emt 0:00:30]} 7. Bb3 {[%emt 0:00:11]} d6 {[%emt 0:00:11]} 8. c3 {[%emt 0:01:05]} O-O {[%emt 0:01:30]} 9. Nbd2 {[%emt 0:00:16]} Na5 {[%emt 0:07:26]} 10. Bc2 {[%emt 0:01:37]} c5 {[%emt 0:01:09]} 11. d4 {[%emt 0:10:17]} cxd4 {[%emt 0:09:51]} 12. cxd4 {[%emt 0:00:04]} Nc6 {[%emt 0:00:40]} 13. d5 {[%emt 0:11:20]} Nb4 {[%emt 0:05:31]} 14. Bb1 {[%emt 0:00:15]} a5 {[%emt 0:00:31]} 15. a3 {[%emt 0:11:51]} Na6 {[%emt 0:00:22]} 16. b4 {[%emt 0:02:11]} Bg4 {[%emt 0:02:59]} 17. Qb3 {[%emt 0:11:24]} Qd7 {[%emt 0:05:08]} 18. Bd3 {[%emt 0:17:01]} axb4 {[%emt 0:05:28]} 19. axb4 {[%emt 0:00:09]} Nc5 {[%emt 0:05:32]} 20. bxc5 {[%emt 0:00:16]} Rxa1 {[%emt 0:00:22]} 21. c6 {[%emt 0:00:17]} Qa7 {[%emt 0:02:45]} 22. Bxb5 {[%emt 0:22:23]} Rb8 {[%emt 0:07:24]} 23. Qd3 {[%emt 0:01:56]} Ra5 {[%emt 0:08:07]} 24. Bc4 {[%emt 0:00:26]} Ra4 {[%emt 0:05:24]} 25. Bb3 {[%emt 0:07:45]} Rab4 {[%emt 0:04:29]} 26. Bc2 {[%emt 0:00:15]} Bc8 {[%emt 0:06:35]} 27. Qe2 {[%emt 0:07:08]} Bd8 {[%emt 0:08:43]} 28. Nc4 {[%emt 0:01:34]} Qa2 {[%emt 0:10:03]} 29. Nxd6 {[%emt 0:02:01]} Ba6 {[%emt 0:00:29]} 30. Qd1 {[%emt 0:00:01]} Bxf1 {[%emt 0:02:52]} 31. Kxf1 {[%emt 0:00:01]} Bc7 {[%emt 0:03:28]} 32. Nb7 {[%emt 0:00:42]} Nxe4 {[%emt 0:02:17]} 33. d6 {[%emt 0:01:01]} Nxd6 {[%emt 0:02:20]} 34. Nxd6 {[%emt 0:00:48]} Bxd6 {[%emt 0:01:06]} 35. Ng5 {[%emt 0:00:49]} g6 {[%emt 0:01:34]} 36. Ne4 {[%emt 0:00:31]} Be7 {[%emt 0:00:58]} 37. Kg1 {[%emt 0:00:20]} Rd4 {[%emt 0:00:33]} 38. Qe2 {[%emt 0:00:47]} Qc4 {[%emt 0:00:55]} 0-1

[Event "BL 2016-17"]
[Site "St. Veit/Glan"]
[Date "2017.03.25"]
[Round "7"]
[White "Mesaros, Florian"]
[Black "Lehner, Oliver"]
[Result "0-1"]
[WhiteElo "2382"]
[BlackElo "2386"]
[Annotator "NA"]
[PlyCount "100"]
[EventDate "2017.??.??"]
[EventType "team-tourn"]
[EventCountry "AUT"]
[SourceTitle "playchess.com"]
[Source "ChessBase"]
[SourceQuality "1"]
[WhiteTeam "Wulkaprodersdorf"]
[BlackTeam "Jenbach"]
[TimeControl "40/5400+30:1800+30"]

1. Nf3 {[%emt 0:00:00]} Nf6 {[%emt 0:00:06]} 2. c4 {[%emt 0:00:00]} g6 {[%emt 0:00:04]} 3. Nc3 {[%emt 0:00:00]} Bg7 {[%emt 0:00:03]} 4. e4 {[%emt 0:00:00]} d6 {[%emt 0:00:05]} 5. d4 {[%emt 0:00:00]} O-O {[%emt 0:00:05]} 6. Be2 {[%emt 0:00:00]} e5 {[%emt 0:00:09]} 7. O-O {[%emt 0:00:13]} Na6 {[%emt 0:00:19]} 8. Be3 {[%emt 0:00:42]} c6 {[%emt 0:00:28]} 9. d5 {[%emt 0:01:09]} Ng4 {[%emt 0:00:16]} 10. Bg5 {[%emt 0:06:50]} f6 {[%emt 0:00:22]} 11. Bh4 {[%emt 0:06:25]} c5 {[%emt 0:01:14]} 12. Nd2 {[%emt 0:10:44]} h5 {[%emt 0:03:59]} 13. a3 {[%emt 0:01:28]} Nh6 $16 {[%emt 0:04:30]} 14. f3 {[%emt 0:04:25]} Nf7 {[%emt 0:00:47]} 15. Rb1 {[%emt 0:01:22]} Bh6 {[%emt 0:02:08]} 16. Bf2 {[%emt 0:02:35]} Bd7 {[%emt 0:09:34]} 17. b4 {[%emt 0:02:11]} b6 {[%emt 0:00:13]} 18. Rb2 {[%emt 0:16:51]} Bg5 {[%emt 0:09:21]} 19. Qc2 {[%emt 0:01:50]} h4 {[%emt 0:07:52]} 20. b5 {[%emt 0:04:46]} Nc7 {[%emt 0:00:57]} 21. a4 {[%emt 0:00:23]} Ne8 {[%emt 0:10:28]} 22. Ra1 {[%emt 0:01:49]} f5 {[%emt 0:06:45]} 23. exf5 {[%emt 0:03:05]} gxf5 {[%emt 0:00:09]} 24. a5 {[%emt 0:03:29]} Rb8 {[%emt 0:04:59]} 25. axb6 {[%emt 0:01:42]} axb6 {[%emt 0:00:48]} 26. Bd3 {[%emt 0:06:01]} Nh6 {[%emt 0:01:28]} 27. Rba2 {[%emt 0:03:35]} Rf7 {[%emt 0:04:04]} 28. Ra7 {[%emt 0:01:44]} Rg7 {[%emt 0:01:36]} 29. Bf1 {[%emt 0:02:40]} Nf6 {[%emt 0:04:14]} 30. R1a6 {[%emt 0:01:29]} e4 {[%emt 0:07:29]} 31. Nd1 {[%emt 0:06:26]} Qe8 {[%emt 0:06:05]} 32. fxe4 {[%emt 0:01:08]} fxe4 {[%emt 0:02:08]} 33. Ne3 {[%emt 0:01:42]} Qe5 {[%emt 0:00:55]} 34. Ra8 {[%emt 0:05:12]} Rxa8 {[%emt 0:00:17]} 35. Rxa8+ {[%emt 0:00:01]} Kf7 {[%emt 0:00:11]} 36. Be2 {[%emt 0:00:31]} Bxe3 {[%emt 0:03:35]} 37. Bxe3 {[%emt 0:00:32]} h3 {[%emt 0:01:34]} 38. Nf1 {[%emt 0:05:03]} Rxg2+ {[%emt 0:00:19]} 39. Kh1 {[%emt 0:00:00]} Nhg4 {[%emt 0:00:37]} 40. Bg1 {[%emt 0:00:00]} Rxg1+ {[%emt 0:02:59]} 41. Kxg1 {[%emt 0:01:00]} Qd4+ {[%emt 0:00:07]} 42. Kh1 {[%emt 0:00:10]} Qf2 {[%emt 0:00:42]} 43. Bd3 {[%emt 0:01:25]} Qf3+ {[%emt 0:00:54]} 44. Kg1 {[%emt 0:00:08]} exd3 {[%emt 0:00:06]} 45. Qb2 {[%emt 0:00:46]} Bf5 {[%emt 0:02:51]} 46. Ra7+ {[%emt 0:01:05]} Kg6 {[%emt 0:00:07]} 47. Ng3 {[%emt 0:00:09]} Qe3+ {[%emt 0:00:15]} 48. Kf1 {[%emt 0:00:05]} Be4 {[%emt 0:02:11]} 49. Rg7+ {[%emt 0:01:07]} Kh6 {[%emt 0:03:58]} 50. Nxe4 {[%emt 0:07:51]} Kxg7 {[%emt 0:04:31]} 0-1

[Event "BL 2016-17"]
[Site "St. Veit/Glan"]
[Date "2017.03.25"]
[Round "7"]
[White "Handler, Lukas"]
[Black "Anistratov, Dmitriy"]
[Result "1-0"]
[WhiteElo "2377"]
[BlackElo "2292"]
[Annotator "NA"]
[PlyCount "93"]
[EventDate "2017.??.??"]
[EventType "team-tourn"]
[EventCountry "AUT"]
[SourceTitle "playchess.com"]
[Source "ChessBase"]
[SourceQuality "1"]
[WhiteTeam "Maria Saal"]
[BlackTeam "Götzis"]
[TimeControl "40/5400+30:1800+30"]

1. c4 {[%emt 0:00:00]} d6 {[%emt 0:00:30]} 2. g3 {[%emt 0:00:14]} Nf6 {[%emt 0:00:36]} 3. Bg2 {[%emt 0:00:20]} c6 {[%emt 0:00:30]} 4. Nc3 {[%emt 0:01:37]} e5 {[%emt 0:00:24]} 5. d4 {[%emt 0:00:21]} Be7 {[%emt 0:00:29]} 6. e4 {[%emt 0:06:28]} O-O {[%emt 0:02:18]} 7. Nge2 {[%emt 0:00:45]} a6 {[%emt 0:10:24]} 8. O-O {[%emt 0:10:15]} Nbd7 {[%emt 0:06:37]} 9. f4 {[%emt 0:03:21]} Re8 {[%emt 0:03:00]} 10. Kh1 {[%emt 0:07:37]} Bf8 {[%emt 0:03:46]} 11. Qc2 {[%emt 0:09:34]} b6 {[%emt 0:19:38]} 12. d5 {[%emt 0:17:17]} cxd5 {[%emt 0:03:32]} 13. cxd5 {[%emt 0:01:59]} b5 {[%emt 0:02:39]} 14. f5 {[%emt 0:04:03]} Qc7 {[%emt 0:04:31]} 15. Qd1 {[%emt 0:04:27]} Nb6 {[%emt 0:08:22]} 16. Bg5 {[%emt 0:04:06]} Be7 {[%emt 0:00:22]} 17. Rc1 {[%emt 0:04:09]} Qb7 {[%emt 0:02:42]} 18. Qd3 {[%emt 0:06:01]} Bd7 {[%emt 0:02:18]} 19. b3 {[%emt 0:03:46]} b4 {[%emt 0:03:17]} 20. Nd1 {[%emt 0:01:05]} Bb5 {[%emt 0:01:35]} 21. Qd2 {[%emt 0:01:00]} Rec8 {[%emt 0:08:53]} 22. Nf2 {[%emt 0:05:16]} a5 {[%emt 0:01:32]} 23. Bf3 {[%emt 0:01:06]} Nbd7 {[%emt 0:01:20]} 24. Be3 {[%emt 0:00:43]} Rxc1 {[%emt 0:06:10]} 25. Rxc1 {[%emt 0:00:11]} Rc8 {[%emt 0:00:11]} 26. g4 {[%emt 0:01:34]} Rxc1+ {[%emt 0:02:40]} 27. Qxc1 {[%emt 0:00:15]} Ne8 {[%emt 0:01:00]} 28. g5 {[%emt 0:00:42]} Bd8 {[%emt 0:00:32]} 29. Kg2 {[%emt 0:02:47]} Bb6 {[%emt 0:00:15]} 30. Bxb6 {[%emt 0:00:42]} Nxb6 {[%emt 0:00:38]} 31. Ng3 {[%emt 0:00:38]} Nd7 {[%emt 0:00:41]} 32. h4 {[%emt 0:00:57]} Nc5 {[%emt 0:00:35]} 33. f6 {[%emt 0:01:12]} a4 {[%emt 0:02:53]} 34. bxa4 {[%emt 0:01:10]} Bxa4 {[%emt 0:00:02]} 35. Nf5 {[%emt 0:00:18]} Bd7 {[%emt 0:01:42]} 36. Nxd6 {[%emt 0:00:30]} Nxd6 {[%emt 0:00:59]} 37. Qxc5 {[%emt 0:00:08]} Qb8 {[%emt 0:00:46]} 38. fxg7 {[%emt 0:01:04]} Kxg7 {[%emt 0:00:23]} 39. Nd3 {[%emt 0:00:29]} Nb5 {[%emt 0:00:41]} 40. Qe7 {[%emt 0:00:00]} Qc7 {[%emt 0:00:22]} 41. Qxe5+ {[%emt 0:02:08]} Qxe5 {[%emt 0:00:24]} 42. Nxe5 {[%emt 0:00:07]} Bc8 {[%emt 0:01:58]} 43. Nd3 {[%emt 0:02:26]} f6 {[%emt 0:02:35]} 44. Kg3 {[%emt 0:02:44]} fxg5 {[%emt 0:00:26]} 45. hxg5 {[%emt 0:00:06]} Kg6 {[%emt 0:00:29]} 46. Kf4 {[%emt 0:00:24]} Nd4 {[%emt 0:00:38]} 47. Bd1 {[%emt 0:01:50]} 1-0

[Event "BL 2016-17"]
[Site "Germany"]
[Date "2017.02.18"]
[Round "7"]
[White "Hoffmann, Paul"]
[Black "Naumann, Alexander"]
[Result "1/2-1/2"]
[WhiteElo "2373"]
[BlackElo "2568"]
[Annotator "TA"]
[PlyCount "62"]
[EventDate "2017.??.??"]
[EventType "team-tourn"]
[EventCountry "GER"]
[SourceTitle "playchess.com"]
[Source "ChessBase"]
[SourceQuality "1"]
[WhiteTeam "TU Dresden"]
[BlackTeam "Solingen"]

{[%evp 12,62,-9,-14,-2,-17,-14,-22,0,-3,0,-11,0,-12,-12,-55,-36,-48,-37,-59,-24,-22,-13,-29,-1,-20,-19,-21,0,0,0,-14,0,-5,-11,-5,45,-38,42,47,56,41,50,18,48,0,0,0,46,0,0,0,25]} 1. e4 c5 2. Nf3 d6 3. Nc3 {??.} a6 4. a4 Nc6 5. h3 Nf6 6. Bc4 e6 7. O-O Be7 8. Re1 O-O 9. d4 cxd4 10. Nxd4 Qc7 11. Nxc6 bxc6 12. Qe2 Nd7 13. Qh5 Bf6 14. Bd2 Rb8 15. Nd1 {[%cal Bc3d1,Bd1e3,Be3c4][%mdl 32]} Ne5 16. Bf1 c5 17. Bc3 Nd7 18. Ne3 Bxc3 19. bxc3 Nf6 20. Qh4 h6 21. Bd3 Bb7 22. Nc4 d5 23. exd5 Nxd5 (23... exd5 $11 24. Ne3 Rbe8) 24. Re4 (24. Qe4 $14 Nf6 25. Qe5) 24... Qd8 ({Black should try} 24... Nxc3 $15 25. Rg4 Kh8) 25. Qg3 $14 Nxc3 26. Rg4 $1 Qf6 {[#] ...h5 is the strong threat.} 27. Re1 {[%mdl 1024] White has compensation.} Rbd8 28. Rf4 Qg5 29. Rg4 Qf6 30. Rf4 Qg5 31. Rg4 Qf6 1/2-1/2

[Event "BL 2016-17"]
[Site "St. Veit/Glan"]
[Date "2017.03.25"]
[Round "7"]
[White "Kvetny, Mark"]
[Black "Kreisl, Robert"]
[Result "1/2-1/2"]
[WhiteElo "2372"]
[BlackElo "2426"]
[Annotator "NA"]
[PlyCount "60"]
[EventDate "2017.??.??"]
[EventType "team-tourn"]
[EventCountry "AUT"]
[SourceTitle "playchess.com"]
[Source "ChessBase"]
[SourceQuality "1"]
[WhiteTeam "Götzis"]
[BlackTeam "Maria Saal"]
[TimeControl "40/5400+30:1800+30"]

1. d4 {[%emt 0:00:00]} Nf6 {[%emt 0:00:11]} 2. c4 {[%emt 0:00:00]} g6 {[%emt 0:00:07]} 3. Nc3 {[%emt 0:00:00]} d5 {[%emt 0:00:05]} 4. Nf3 {[%emt 0:00:10]} Bg7 {[%emt 0:00:15]} 5. h4 {[%emt 0:00:12]} c6 {[%emt 0:03:19]} 6. cxd5 {[%emt 0:00:28]} cxd5 {[%emt 0:00:05]} 7. Bf4 {[%emt 0:00:10]} Nc6 {[%emt 0:00:22]} 8. e3 {[%emt 0:00:29]} O-O {[%emt 0:01:01]} 9. Qb3 {[%emt 0:00:27]} Na5 {[%emt 0:03:42]} 10. Qa3 {[%emt 0:00:22]} Bf5 {[%emt 0:07:35]} 11. Be2 {[%emt 0:02:18]} Ne4 {[%emt 0:10:20]} 12. Rc1 {[%emt 0:05:06]} Rc8 {[%emt 0:07:26]} 13. O-O {[%emt 0:04:51]} Nxc3 {[%emt 0:04:59]} 14. Rxc3 {[%emt 0:00:39]} Rxc3 {[%emt 0:00:36]} 15. Qxc3 {[%emt 0:02:37]} Nc6 {[%emt 0:06:17]} 16. b4 {[%emt 0:03:50]} a6 {[%emt 0:07:23]} 17. a4 {[%emt 0:05:04]} Qc8 {[%emt 0:07:12]} 18. Qd2 {[%emt 0:13:22]} Qa8 {[%emt 0:12:20]} 19. Rc1 {[%emt 0:16:37]} Rc8 {[%emt 0:00:46]} 20. b5 {[%emt 0:02:48]} axb5 {[%emt 0:00:05]} 21. axb5 {[%emt 0:00:59]} Nd8 {[%emt 0:00:14]} 22. Bc7 {[%emt 0:02:26]} Ne6 {[%emt 0:01:57]} 23. b6 {[%emt 0:04:57]} Nxc7 {[%emt 0:06:15]} 24. bxc7 {[%emt 0:01:12]} Qa3 {[%emt 0:02:09]} 25. Bb5 {[%emt 0:06:52]} Qd6 {[%emt 0:06:38]} 26. Qa5 {[%emt 0:03:03]} Bf8 {[%emt 0:00:17]} 27. Rc3 {[%emt 0:09:15]} f6 {[%emt 0:02:03]} 28. Ne1 {[%emt 0:07:54]} e5 {[%emt 0:00:36]} 29. Nd3 {[%emt 0:01:11]} Kg7 {[%emt 0:03:59]} 30. g3 {[%emt 0:03:19]} Be7 1/2-1/2

[Event "BL 2016-17"]
[Site "Germany"]
[Date "2017.02.18"]
[Round "7"]
[White "Reich, Thomas"]
[Black "Heinemann, Thies"]
[Result "0-1"]
[WhiteElo "2370"]
[BlackElo "2461"]
[Annotator "TA"]
[PlyCount "83"]
[EventDate "2017.??.??"]
[EventType "team-tourn"]
[EventCountry "GER"]
[SourceTitle "playchess.com"]
[Source "ChessBase"]
[SourceQuality "1"]
[WhiteTeam "Bayern München"]
[BlackTeam "Hamburger SK"]

{[%evp 15,83,12,6,14,10,11,18,20,26,19,36,36,31,33,33,-16,0,-7,0,0,0,0,-8,-8,-4,-11,-14,-10,0,-7,-24,-30,-27,-35,-39,-37,0,0,21,0,0,-125,-120,-135,-136,-137,-133,-148,-102,-162,-161,-294,-291,-363,-354,-354,-349,-1645,-1603,-1363,-1304,-29995,-29996,-29996,-29997,-29997,-619,-612,-599,-532]} 1. d4 Nf6 2. c4 e6 3. Nc3 Bb4 4. Nf3 b6 5. Bd2 Bb7 6. e3 Bxc3 7. Bxc3 Ne4 8. Rc1 d6 {LiveBook: 3 Games} 9. Bd3 Nd7 10. O-O O-O {The position is equal.} 11. Be1 f5 12. Nd2 Qf6 13. f3 Nxd2 14. Bxd2 e5 15. c5 dxc5 16. dxc5 Nxc5 17. Bc4+ Kh8 18. b4 Nd7 19. Bc3 Qe7 20. Qb3 Rf6 21. Qb2 a6 22. Rf2 Rd6 23. a3 Re8 24. Qe2 b5 25. Bd3 e4 26. fxe4 Bxe4 27. Bxe4 Qxe4 28. Qb2 (28. Qf3 $11 {remains equal.}) 28... Ne5 $36 {[%mdl 2048] Black is on the roll.} 29. Bxe5 Rxe5 30. h3 c6 31. Rf3 h6 32. Qb3 (32. Qc2 $17) 32... Kh7 33. Qf7 (33. Qc2 $142) 33... Rg6 $19 34. Rcf1 c5 35. bxc5 Rxc5 36. R1f2 $2 {[#]} (36. Kh1) 36... Rc1+ 37. Kh2 Qb1 {[%csl Gb1][%cal Rc1h1]} 38. g4 Rh1+ 39. Kg3 {[#]} Rxh3+ $1 {[%mdl 512]} 40. Kxh3 fxg4+ (40... Qh1+ $142 41. Rh2 Qxf3+ 42. Kh4 Qxg4#) 41. Kh2 {Hoping for Rg3.} gxf3 42. Qxf3 0-1

[Event "BL 2016-17"]
[Site "St. Veit/Glan"]
[Date "2017.03.25"]
[Round "7"]
[White "Lendwai, Reinhard"]
[Black "Antoniewski, Rafal"]
[Result "1/2-1/2"]
[WhiteElo "2367"]
[BlackElo "2532"]
[Annotator "TA"]
[PlyCount "64"]
[EventDate "2017.??.??"]
[EventType "team-tourn"]
[EventCountry "AUT"]
[SourceTitle "playchess.com"]
[Source "ChessBase"]
[SourceQuality "1"]
[WhiteTeam "Nickelsdorf"]
[BlackTeam "St. Veit"]

{[%evp 29,64,18,34,0,32,29,32,33,27,23,33,28,44,43,49,18,29,12,43,8,35,0,10,10,6,-53,-37,-61,-43,-37,13,0,0,0,20,17,59]} 1. c4 g6 2. Nc3 Bg7 3. g3 Nf6 4. Bg2 d6 5. e4 c5 6. Nge2 Nc6 7. O-O O-O 8. d3 Rb8 9. Rb1 a6 10. a3 b5 11. cxb5 axb5 12. b4 cxb4 13. axb4 Bg4 14. h3 {A36: Symmetrical English vs ...g6: 4 Bg2 Bg7} Bxe2 15. Nxe2 d5 {LiveBook: 3 Games} (15... Nd7 16. Qb3 Qb6 17. Be3 Nd4 18. Qb2 Nxe2+ 19. Qxe2 Bd4 20. Bh6 Rfc8 21. Rfc1 Ne5 {0-1 (53) Bachofner,A (2214)-Pacher,M (2493) Austria 2017}) 16. Bb2 $146 {White is slightly better.} (16. Qb3 dxe4 17. dxe4 e5 18. Rd1 Qe7 19. Be3 Rfd8 20. Bc5 Qe6 21. Qxe6 fxe6 22. Rxd8+ Rxd8 {1-0 (45) Sehner,N (2344)-Harich,R (2188) Germany 2014}) 16... d4 17. f4 e5 18. Qb3 Nd7 {[%cal Bf6d7,Bd7b6,Bb6a4][%mdl 32]} 19. Bc1 Bh6 20. Bd2 Nb6 21. Rbc1 {[%cal Bb1c1,Bc1c5,Bc5d5][%mdl 32]} Qd7 22. Rc5 Na4 23. Rd5 Qe7 24. Rc1 Rb6 25. Rc2 Nc3 26. Nxc3 Qxb4 27. Qa2 ({White should try} 27. Qxb4 $11 Nxb4 28. Rc5 (28. Rxe5 Nxc2 29. Nd5 Ra6 30. Ne7+ Kg7 31. Rxb5 Ra1+ 32. Kh2 Rd1 $17) (28. Nxb5 $2 Nxd5 29. exd5 Rxb5 30. fxe5 Bxd2 31. Rxd2 Re8 $17) (28. Na4 bxa4 29. Bxb4 Rxb4 30. Rxe5 Ra8 $19) 28... dxc3 29. R2xc3) 27... dxc3 $15 28. Rxc3 Qe7 {Strongly threatening ...Nb4.} 29. Rb3 Rfb8 30. fxe5 {The position is equal.} Bxd2 31. Qxd2 Nxe5 32. d4 Nc4 1/2-1/2

[Event "BL 2016-17"]
[Site "Germany"]
[Date "2017.02.18"]
[Round "7"]
[White "Baskin, Robert"]
[Black "Lauber, Arnd"]
[Result "0-1"]
[WhiteElo "2357"]
[BlackElo "2424"]
[Annotator "RC"]
[PlyCount "70"]
[EventDate "2017.??.??"]
[EventType "team-tourn"]
[EventCountry "GER"]
[SourceTitle "playchess.com"]
[Source "ChessBase"]
[SourceQuality "1"]
[WhiteTeam "Griesheim"]
[BlackTeam "SF Berlin"]
[TimeControl "40/6000+30:3000+30"]

1. e4 {[%emt 0:00:00]} e6 {[%emt 0:00:14]} 2. d4 {[%emt 0:00:03]} d5 {[%emt 0:00:06]} 3. Nd2 {[%emt 0:01:03]} Nf6 {[%emt 0:01:01]} 4. e5 {[%emt 0:00:17]} Nfd7 {[%emt 0:00:05]} 5. Bd3 {[%emt 0:00:16]} c5 {[%emt 0:00:32]} 6. c3 {[%emt 0:00:07]} Nc6 {[%emt 0:00:25]} 7. Ne2 {[%emt 0:00:06]} Be7 {[%emt 0:08:07]} 8. O-O {[%emt 0:02:22]} a5 {[%emt 0:00:28]} 9. f4 {[%emt 0:03:53]} cxd4 {[%emt 0:02:24]} 10. cxd4 {[%emt 0:00:17]} Nb6 {[%emt 0:01:02]} 11. Nf3 {[%emt 0:07:08]} a4 {[%emt 0:00:18]} 12. g4 {[%emt 0:04:12]} Nc4 {[%emt 0:18:52]} 13. Rb1 {[%emt 0:15:05]} Nb4 {[%emt 0:29:19]} 14. b3 {[%emt 0:01:41]} axb3 {[%emt 0:06:59]} 15. axb3 {[%emt 0:00:14]} Na5 {[%emt 0:07:30]} 16. Ba3 {[%emt 0:07:41]} Nac6 {[%emt 0:04:11]} 17. Bxb4 {[%emt 0:01:49]} Nxb4 {[%emt 0:00:04]} 18. f5 {[%emt 0:01:07]} O-O {[%emt 0:06:20]} 19. Nf4 {[%emt 0:04:48]} Bg5 {[%emt 0:03:22]} 20. Nh5 {[%emt 0:12:48]} Nxd3 {[%emt 0:03:02]} 21. Qxd3 {[%emt 0:00:18]} exf5 {[%emt 0:00:15]} 22. gxf5 {[%emt 0:00:33]} g6 {[%emt 0:00:12]} 23. Ng3 {[%emt 0:04:10]} Bf4 {[%emt 0:00:39]} 24. e6 {[%emt 0:07:14]} Bxg3 {[%emt 0:01:41]} 25. hxg3 {[%emt 0:00:16]} gxf5 {[%emt 0:00:18]} 26. exf7+ {[%emt 0:11:51]} Rxf7 {[%emt 0:00:08]} 27. Rbe1 {[%emt 0:01:01]} Rg7 {[%emt 0:02:23]} 28. Qb5 {[%emt 0:01:52]} Bd7 {[%emt 0:00:36]} 29. Qxd5+ {[%emt 0:02:10]} Kh8 {[%emt 0:00:06]} 30. Ne5 {[%emt 0:05:22]} Rxg3+ {[%emt 0:01:13]} 31. Kf2 {[%emt 0:00:55]} Qh4 {[%emt 0:09:36]} 32. Nf7+ {[%emt 0:13:25]} Kg7 {[%emt 0:00:09]} 33. Qe5+ {[%emt 0:00:59]} Kxf7 {[%emt 0:00:11]} 34. Qd5+ {[%emt 0:00:47]} Kg6 {[%emt 0:00:37]} 35. Qd6+ {[%emt 0:00:58]} Kh5 {[%emt 0:00:16]} 0-1